| 000 | 00471nam a22001697a 4500 | ||
|---|---|---|---|
| 005 | 20251108170809.0 | ||
| 008 | 250721s1996 xx 000 0 ara d | ||
| 082 | 1 | 4 | _aق/خال |
| 100 | 1 | _aخضر، خالد | |
| 245 | 1 | 0 | _aخوف / |
| 264 | 1 |
_aعمان : _bمنشورات نادي أسرة القلم الثقافي، _c1996. |
|
| 300 | _a239ص. | ||
| 650 | 1 | 7 | _aالأدب العربي |
| 650 | 1 | 7 | _aالقصص العربية |
| 942 |
_2ddc _cBK |
||
| 999 |
_c49220 _d49220 |
||